| 000 | 00440nam a22001817a 4500 | ||
|---|---|---|---|
| 003 | MPLRDC | ||
| 005 | 20220104125355.0 | ||
| 008 | 210129b ||||| |||| 00| 0 eng d | ||
| 020 | _a7-5363-1767-0 | ||
| 082 | _a857.9 LLS-2 v.1 | ||
| 100 | _a兰陵生 | ||
| 245 |
_a江湖一鞭. 上 _c |
||
| 250 | _a一版一刷 | ||
| 260 |
_a _b广西民族出版社 _c1992 |
||
| 300 | _b平 | ||
| 650 | _a武侠小说 | ||
| 942 |
_cBK _o857.9 LLS-2 v.1 |
||
| 999 |
_c26849 _d26839 |
||